000 00607nam a2200241Ia 4500
003 OSt
005 20221005132933.0
006 a|||||r|||| 00| 0
007 ta
008 221004b |||||||| |||| 00| 0 mal d
024 _a54330
037 _cTextual
040 _aCRL
_cCRL
_bmal
041 _2mal
_amal
082 _aO32:gN5, J41.1-.2
100 _aMundasserry
_9632204
245 0 _aVayana salayil
260 _c1954
300 _a166p.
_ccm.
650 _aMALAYALAM LITERATURE
_938866
942 _hO32:gN5, J41.1-.2
_cTEXL
_2cc
999 _c1065221
_d1065221